000 00780nam a2200229Ia 4500
003 GCL
008 140319s9999 xx 000 0 ara d
040 _aGCL /
_cGCL
082 0 4 _a812.057
_bا م
100 1 _aاحمد الفار
245 1 0 _aالمسرح الشعبى العربى فى القاهرة سنة 1909 احمد الفار ومسرحياتة الشعبية /
_cاحمد الفار
700 1 _aلنداو، جاكوب. م
700 1 _aفويديش، مانفريد
260 _a[S.N] :
_bفرانتس شتاينر شتوتكارت ،
_c1993
300 _aمتعدد
490 _a
650 0 4 _aالقاهرة
650 0 4 _aالمسرح العربى
650 0 4 _aالمسرحيات الشعبية
650 0 4 _aتاريخ ونقد
942 _2ddc
_cBK
999 _c35584
_d35584